| 000 | 00756nam a2200241Ia 4500 | ||
|---|---|---|---|
| 005 | 20260429111856.0 | ||
| 008 | 260429s9999||||xx |||||||||||||| ||und|| | ||
| 020 | _a9781782623151 | ||
| 041 | _aEnglish | ||
| 082 |
_a620.192 _bOTE |
||
| 100 | _aOtero, Toribio Fernandez | ||
| 245 | 0 |
_aConducting polymers : _bbioinspired intelligent materials and devices / _cToribio Fernandez Otero |
|
| 260 |
_aCambridge : _bRoyal Society of Chemistry, _c2016. |
||
| 300 | _axx, 248 p.; hb | ||
| 440 | _aSmart Materials Series, Volume 19 | ||
| 650 | _a Bioinspired materials | ||
| 650 | _a Electronic materials | ||
| 650 | _a Intelligent materials | ||
| 650 | _a Polymer science | ||
| 650 | _a Smart devices | ||
| 650 | _aConducting polymers | ||
| 942 | _cTB | ||
| 999 |
_c51233 _d51233 |
||